Catálogo de la Biblioteca Horacio González - Universidad Nacional de General Sarmiento

Betty Boop (Registro nro. 54473)

Detalles MARC
000 -CABECERA
campo de control de longitud fija 01492ngm a22002530a 4500
001 - NÚMERO DE CONTROL
campo de control PT16773
003 - IDENTIFICADOR DEL NÚMERO DE CONTROL
campo de control AR-LpoUNG
005 - FECHA Y HORA DE LA ÚLTIMA TRANSACCIÓN
campo de control 20210202000246.0
007 - CAMPO FIJO DE DESCRIPCIÓN FÍSICA--INFORMACIÓN GENERAL
campo de control de longitud fija vd cvaizq
008 - DATOS DE LONGITUD FIJA--INFORMACIÓN GENERAL
campo de control de longitud fija 191001s199?||||ag |||||||||||||||||spa d
037 ## - FUENTE DE ADQUISICIÓN
Condiciones de disponibilidad $5
040 ## - FUENTE DE LA CATALOGACIÓN
Centro catalogador/agencia de origen AR-LpoUNG
Lengua de catalogación spa
Centro/agencia transcriptor AR-LpoUNG
Normas de descripción aacr
041 ## - CÓDIGO DE LENGUA
Código de lengua del texto/banda sonora o título independiente spa
044 ## - CÓDIGO DEL PAÍS DE LA ENTIDAD EDITORA/PRODUCTORA
Código MARC del país ag
082 0# - NÚMERO DE LA CLASIFICACIÓN DECIMAL DEWEY
Número de clasificación 791.433 565bet
245 10 - MENCIÓN DE TÍTULO
Título Betty Boop
260 ## - PUBLICACIÓN, DISTRIBUCIÓN, ETC.
Lugar de publicación, distribución, etc. Buenos Aires :
Nombre del editor, distribuidor, etc. Videoteca Página 30,
Fecha de publicación, distribución, etc. [199?].
300 ## - DESCRIPCIÓN FÍSICA
Extensión VHS (90 min.) : son, col.
520 ## - SUMARIO, ETC.
Sumario, etc. El personaje de esta curiosa vampiresa del cartoon nace de manera totalmente espontánea tal como la conocemos hoy en día, ya que en un principio su creador Grim Natwick, había diseñado la historia sobre dos perros y sus aventuras, uno de ellos evolucionó y dio forma a Betty Boop tal como la conocemos hoy en día. El otro personaje quedó tal cual fue dibujado por vez primera y conformó el otro cincuenta por ciento de este producto animado americano, su nombre, Bimbo, el perrito enamorado de Betty. Se trataron de unos dibujos animados en clave de musical para los estudios Talkcartoon, en el que el personaje (en ese momento con forma de can) inició su carrera a través de un cortometraje apelado Dizzy Dishes (Platos Vertiginosos) que se proyectó en 1930. Su debut en la gran pantalla propinó un buen conjunto de acérrimos seguidores que la siguieron a través de su evolución en el tiempo.
653 ## - TÉRMINO DE INDIZACIÓN--NO CONTROLADO
Término no controlado VIDEOS
710 2# - PUNTO DE ACCESO ADICIONAL--NOMBRE DE ENTIDAD CORPORATIVA
Nombre de entidad corporativa o nombre de jurisdicción como elemento de entrada Página/30
905 ## - ELEMENTOS DE DATOS E LOCAL, LDE (RLIN)
a 16773
942 ## - ELEMENTOS DE PUNTO DE ACCESO ADICIONAL (KOHA)
Tipo de ítem Koha Video
Existencias
Estado de retiro Estado de pérdida Estado dañado No para préstamo Código de colección Localización permanente Ubicación/localización actual Fecha de adquisición Total de préstamos Signatura topográfica completa Código de barras Fecha visto por última vez Precio válido a partir de Tipo de ítem Koha
        Colección Cine Biblioteca Universidad Nacional de General Sarmiento Biblioteca Universidad Nacional de General Sarmiento 02/02/2021   791.433 565bet 00018179 02/02/2021 02/02/2021 Video